| 000 | 00358nam a22001337a 4500 | ||
|---|---|---|---|
| 005 | 20200607110250.0 | ||
| 008 | 200607b xxu||||| |||| 00| 0 eng d | ||
| 082 | _a345.4 | ||
| 110 |
_aALL INDIA REPORTER _95820 |
||
| 245 | _aALL INDIA REPORTER , 1967 (V-54) S.C. SECTION | ||
| 260 |
_aMUMBAI _bALL INDIA REPORTER, PVT LTD. |
||
| 300 | _a184;p | ||
| 942 | _cJRL | ||
| 999 |
_c6888 _d6886 |
||